Eduardo Frei Montalva: un gobierno reformista. A 50 años de la Revolución en libertad

Bewaard in:
Bibliografische gegevens
Hoofdauteurs: Huneeus Madge, Carlos (autor), Couso, Javier (Auteur)
Formaat: Boek
Taal:Spaans
Gepubliceerd in: Santiago Universitaria 2016
Editie:1a. ed
Onderwerpen:
Tags: Voeg label toe
Geen labels, Wees de eerste die dit record labelt!

MARC

LEADER 00000cam a2200000 a 4500
001 UCC1661
003 CL-VaPUC
008 171117e20160000cl |||||||||||||||||spa|d
020 |a 9789561125209 
082 0 4 |a 923.183  |b HUN  |2 21 
100 |a Huneeus Madge, Carlos  |e autor  |9 578920 
700 0 |a Couso, Javier  |e author  |9 595704 
245 1 0 |a Eduardo Frei Montalva: un gobierno reformista. A 50 años de la Revolución en libertad 
250 |a 1a. ed 
300 |a 360 p 
942 |c BK 
945 |d 20171117 16:06:00  |a dcastane 
260 |a Santiago  |b Universitaria  |c 2016 
600 0 |a Frei Montalva, Eduardo  |9 255811 
650 7 |a PRESIDENTES DE LA REPUBLICA  |2 CL-VaPUC  |9 436845 
650 0 |a Presidentes chilenos  |9 458179 
650 0 |a Biografías  |9 255210 
583 |a last modification  |c 20171117 16:06:00  |k Rodrigo Vera 
999 |c 370060  |d 370058 
952 |0 0  |1 0  |3 erb  |4 0  |6 923_183000000000000_HUN_2016  |7 0  |8 A  |9 486350  |a BIBHIS  |b BIBHIS  |i 5437229  |l 8  |o 923.183 HUN 2016  |p 5437229  |r 2025-01-20  |s 2024-08-13  |w 2019-11-24  |y BK  |z Catalogado en:20171117  |k HIS